Ballon d'or 2000 - Statistiques

Statistiques générales
  • Ce quiz a été pris 105 fois
  • Le résultat moyen est 12 sur 30
Statistiques - réponses
Rang Joueurs Nationalité Points % Correct
2 Zinédine Zidane France 181
100%
1 Luís Figo Portugal 197
95%
4 Thierry Henry France 57
95%
3 Andriy Chevtchenko Ukraine 85
78%
Paolo Maldini Italie 10
71%
Rivaldo Brésil 39
70%
David Trezeguet France 4
63%
9 Raúl Espagne 18
62%
5 Alessandro Nesta Italie 39
52%
22 Pavel Nedvěd République Tchèque 4
51%
12 Fabien Barthez France 8
48%
10 David Beckham Angleterre 10
44%
24 Marcel Desailly France 2
44%
14 Roberto Carlos Brésil 7
43%
27 Laurent Blanc France 1
41%
7 Gabriel Batistuta Argentine 26
37%
Francesco Totti Italie 7
35%
Roy Keane Irlande 1
28%
Oliver Kahn Allemagne 2
23%
Rui Costa Portugal 2
23%
17 Patrick Kluivert Pays-Bas 6
22%
18 Edgar Davids Pays-Bas 5
20%
Juan Sebastián Verón Argentine 1
18%
Hakan Şükür Turquie 5
15%
Francesco Toldo Italie 7
11%
Zlatko Zahovič Slovénie 8
10%
Mário Jardel Brésil 5
9%
Fernando Redondo Argentine 5
8%
8 Gaizka Mendieta Espagne 22
8%
Claudio López Argentine 1
5%
Aucun quiz correspondant
Distribution des résultats
% des personnes avec chaque résultat
Percentile par nombre de réponses
Votre historique - résultats
Vous n’avez pas pris ce quiz